[Event "Bern"]
[Site "Bern"]
[Date "1991.??.??"]
[Round "3"]
[White "Wirthensohn, Heinz"]
[Black "Gavrikov, Viktor"]
[Result "1/2-1/2"]
[WhiteElo "2460"]
[BlackElo "2580"]

1.Nf3 Nf6 2.c4 c5 3.Nc3 e6 4.g3 b6 5.Bg2 Bb7 6.O-O Be7 7.b3 O-O 8.Bb2 d5
9.Ne5 Qc8 10.cxd5 exd5 11.d4 Rd8 12.Rc1 Na6 13.e3 Bf8 14.Ne2 Qc7 15.Nf4 Qe7
16.h4 Ne4 17.Bh3 Rd6 18.Re1 Rad8 19.Bg2 Rc8 20.Bh3 Rc7 21.dxc5 bxc5 22.Nf3 f6
23.Nd2 g5 24.hxg5 fxg5 25.Nh5 Nb4 26.Bf1 Nxa2 27.Nxe4 Qxe4 28.Bg2 Qg6 29.Ra1 Nb4
30.Be5 a6 31.e4 dxe4 32.Bxd6 Rd7 33.Bxe4 Bxe4 34.Rxe4 Rxd6 35.Qe2 h6 36.Re8 Qf7
37.Qc4 Qxc4 38.bxc4 Kf7 39.Re4 Nc2 40.Rc1 Nb4 41.Rc3 Rd1+ 42.Kh2 Rd3 43.Rxd3 Nxd3
44.Re3 Nb2 45.Rf3+ Ke7 46.Rf5 Nxc4 47.Rxc5 Nb2 48.Rc6 a5 49.Ra6 a4 50.f4 gxf4
51.gxf4 Kf7 52.f5 a3 53.Ra7+ Ke8 54.Nf6+ Kd8 55.Ra8+ Ke7 56.Ne4 Nc4 57.Ra7+ Kd8
58.f6 Nb6 59.Kh3 Kc8 60.Nc3 Nd7 61.f7 Bc5 62.Ra4 Kb7 63.Re4 Bf8 64.Re6 Bg7
65.Na2 Bf8 66.Kg4 Nc5 67.Re3 Nd7 68.Kf5 Kc6 69.Re8 Kd5 70.Rd8 Kc6 71.Re8  1/2-1/2

[Event "Bern"]
[Site "Bern"]
[Date "1991.??.??"]
[Round "5"]
[White "Wirthensohn, Heinz"]
[Black "Miralles, Gilles"]
[Result "0-1"]
[WhiteElo "2460"]
[BlackElo "2470"]

1.Nf3 Nf6 2.c4 c5 3.Nc3 b6 4.e4 d6 5.d4 cxd4 6.Nxd4 Bb7 7.Bd3 g6 8.Be3 Bg7
9.O-O Nbd7 10.f3 h5 11.Rf2 a6 12.Bf1 Rc8 13.Nd5 O-O 14.Rc2 Nh7 15.Rac1 e6
16.Nc3 Qe7 17.Qd2 Rfe8 18.b4 Rb8 19.Nb3 Ndf6 20.c5 dxc5 21.bxc5 Red8 22.Qf2 b5
23.a3 Qc7 24.Na2 Bxe4 25.Rb2 Bc6 26.Nb4 Nd5 27.Nxa6 Qc8 28.Nxb8 Bxb2 29.Rb1 Nxe3
30.Nxc6 Qxc6 31.Rxb2 Nd1 32.Qc2 Nxb2 33.Qxb2 h4 34.Qc3 Nf8 35.Nd4 Qd5 36.c6 Rc8
37.c7 e5 38.Nxb5 Ne6 39.h3 Nxc7 40.Nxc7 Qd6 41.Qc4 Qxc7  0-1

[Event "Bern op"]
[Site "Bern"]
[Date "1991.??.??"]
[Round "8"]
[White "Soffer, Ram"]
[Black "Mascarinas, Rico"]
[Result "1/2-1/2"]
[WhiteElo "2445"]
[BlackElo "2410"]

1.c4 Nf6 2.Nc3 c5 3.Nf3 d5 4.cxd5 Nxd5 5.e4 Nxc3 6.bxc3 g6 7.d4 Bg7 8.Rb1 O-O
9.Be2 Qc7 10.O-O Nc6 11.Be3 Rd8 12.d5 b6 13.Qc1 Ne5 14.c4 Bg4 15.Bf4 Bxf3
16.gxf3 Qd7 17.Bg3 f6 18.f4 Nf7 19.f5 gxf5 20.exf5 Qxf5 21.Qd1 e5 22.f4 Qe4
23.fxe5 fxe5 24.Bd3 Qe3+ 25.Kh1 Nd6 26.Rb3 e4 27.Bb1 Qg5 28.Bxd6 Rxd6 29.Rg3 Qe5
30.Rfg1 Rg6 31.Rxg6 hxg6 32.Qg4 Rf8 33.Bxe4 Rf2 34.Qc8+ Rf8 35.Qe6+ Qxe6
36.dxe6 Rf6 37.Rd1 Kh7 38.e7 Re6 39.Bxg6+ Kxg6 40.Rd6 Rxd6 41.e8=Q+ Kf6 42.Qa4 a5
43.Qb3 Ke7 44.h3 Bf6 45.Kg2 Kd7 46.h4 Ke7 47.h5 Bg7 48.Qb1 Rf6 49.Qe4+ Kf8
50.Qa8+ Kf7 51.Qb7+ Kf8 52.Qb8+ Kf7 53.Qc7+ Kf8 54.Qd8+ Kf7 55.Qd7+ Kf8 56.Kg3 Bh6
57.Qc8+ Kf7 58.Qc7+ Ke8 59.Kg4 Kf8 60.Qe5 Kf7 61.a4 Kg7 62.Qe7+ Rf7 63.Qe5+ Rf6
64.Qc7+ Kf8 65.Qd8+ Kf7 66.Qd5+ Kf8 67.Qd7 Rf4+ 68.Kg3 Rf6 69.Qd8+ Kf7 70.Qc7+ Kf8
71.Qh7 Bg7 72.Kg4 Bh6 73.Qh8+ Kf7 74.Qh7+ Kf8 75.Qc7 Ke8 76.Qc8+  1/2-1/2

[Event "Bern op"]
[Site "Bern"]
[Date "1991.??.??"]
[Round "8"]
[White "Fioramonti, Hung"]
[Black "Ansell, Simon"]
[Result "1-0"]
[WhiteElo "2290"]
[BlackElo "2255"]

1.Nf3 Nf6 2.c4 c5 3.Nc3 b6 4.g3 Bb7 5.Bg2 e6 6.O-O Be7 7.Re1 O-O 8.e4 d6
9.d4 a6 10.d5 exd5 11.cxd5 Nbd7 12.e5 Ne8 13.exd6 Nxd6 14.a4 Re8 15.Bf4 Nf8
16.Ne5 Ng6 17.Nc6 Qc7 18.Be3 Bf8 19.a5 Nc4 20.axb6 Qxb6 21.Na4 Qb5 22.Bf1 Bxc6
23.dxc6 Nxe3 24.Rxe3 c4 25.Rxe8 Rxe8 26.Bg2 Ne5 27.Qd5 Rc8 28.Qxb5 axb5 29.Nb6 Rc7
30.Na8 Rxc6 31.f4 Bc5+ 32.Kh1 Re6 33.fxe5 Rxe5 34.Nc7 b4 35.Nd5 g5 36.Bf3 Kg7
37.Rc1 g4 38.Bg2 Re2 39.Bf1 Rxb2 40.Rxc4 Bd6 41.Rxg4+ Kf8 42.Bd3 b3 43.Bxh7 f5
44.Bxf5 Rf2 45.Be6  1-0

[Event "Biel op (Women)"]
[Site "Biel"]
[Date "1991.??.??"]
[Round "8"]
[White "Gurieli, Nino"]
[Black "Madl, Ildiko"]
[Result "1-0"]
[WhiteElo "2365"]
[BlackElo "2370"]

1.Nf3 Nf6 2.c4 c5 3.Nc3 g6 4.g3 Bg7 5.Bg2 O-O 6.O-O Nc6 7.d3 d6 8.a3 Bd7
9.Rb1 a5 10.b3 Rb8 11.Bb2 e5 12.Nb5 Bg4 13.h3 Bxf3 14.Bxf3 Nd4 15.Nxd4 cxd4
16.Bc1 h6 17.b4 axb4 18.Rxb4 Qc8 19.Kh2 Nd7 20.a4 Qc7 21.Rb5 b6 22.Ba3 Kh7
23.Qc2 f5 24.Rfb1 e4 25.dxe4 f4 26.gxf4 Rxf4 27.Rd5 Be5 28.Kh1 Nf6 29.Rdb5 Qd7
30.Kg2 Rh4 31.Rh1 Rh5 32.Bxh5 gxh5 33.Qd3 Qg7+ 34.Kf1 Rg8 35.Ke1 Rf8 36.Bxd6 Qg2
37.Rxe5 Qxh1+ 38.Kd2 Rf7 39.Re8 Qa1 40.e5+ Kg7 41.Qg3+ Ng4 42.hxg4 Qb2+ 43.Kd3 h4
44.Qxh4 Qc3+ 45.Ke4 Qxc4 46.Bf8+ Rxf8 47.Rxf8 Qxe2+ 48.Kxd4 Qd1+ 49.Ke3 Qb3+
50.Ke2 Qc4+ 51.Kf3 Qc6+ 52.Kg3 Kxf8 53.Qf6+  1-0

[Event "POL-chB"]
[Site "Bielsko-Biala"]
[Date "1991.??.??"]
[Round "10"]
[White "Lewinski, Dominik"]
[Black "Pisarek, Aleksander"]
[Result "1-0"]
[WhiteElo "2265"]
[BlackElo "2340"]

1.Nf3 c5 2.c4 Nf6 3.Nc3 d5 4.cxd5 Nxd5 5.g3 Nc6 6.Bg2 Nc7 7.d3 e5 8.O-O Be7
9.Nd2 O-O 10.Nc4 f6 11.Bxc6 bxc6 12.Bd2 Be6 13.Na5 Qd7 14.Rc1 Rab8 15.b3 Bh3
16.Re1 h5 17.Ne4 Ne6 18.f3 Bf5 19.Be3 g5 20.Qd2 Kf7 21.Nc4 Rg8 22.Rf1 Bh7
23.Rf2 Ke8 24.Qb2 Nd4 25.Qa3 Bxe4 26.fxe4 h4 27.Bxd4 hxg3 28.hxg3 exd4 29.Kg2 Rh8
30.Rf5 Qc7 31.Rcf1 Kf7 32.e5 Rh6 33.exf6 Bxf6 34.Qxc5 Kg7 35.Ne5 Re8 36.Ng4 Rxe2+
37.R1f2 Rxf2+ 38.Rxf2  1-0

[Event "Bled/Rogaska Slatina"]
[Site "Bled"]
[Date "1991.??.??"]
[Round "1"]
[White "Mohr, Georg"]
[Black "Hansen, Lars Bo"]
[Result "1/2-1/2"]
[WhiteElo "2465"]
[BlackElo "2525"]

1.Nf3 c5 2.c4 Nf6 3.Nc3 e6 4.g3 b6 5.Bg2 Bb7 6.O-O Nc6 7.d4 Nxd4 8.Nxd4 Bxg2
9.Kxg2 cxd4 10.Qxd4 Bc5 11.Qd3 h6 12.Bf4 O-O 13.Rad1 Qc8 14.Qf3 Qc6 15.Qxc6 dxc6
16.Bd6 Bxd6 17.Rxd6 Rfc8 18.Kf3 Kf8 19.Rfd1 Ke7 20.R6d2 Rd8 21.Rxd8 Rxd8
22.Rxd8 Kxd8 23.h3 Ke7  1/2-1/2

[Event "Bled/Rogaska Slatina"]
[Site "Bled"]
[Date "1991.??.??"]
[Round "7"]
[White "Djuric, Stefan"]
[Black "Grosar, Aljosa"]
[Result "1-0"]
[WhiteElo "2540"]
[BlackElo "2370"]

1.Nf3 Nf6 2.c4 c5 3.Nc3 d5 4.cxd5 Nxd5 5.e3 Nxc3 6.bxc3 g6 7.Qa4+ Nd7 8.h4 h5
9.Ba3 Qc7 10.Bc4 Bg7 11.Rh3 O-O 12.Rg3 Nb6 13.Qa5 Bf5 14.Be2 Rac8 15.Kf1 Rfd8
16.d4 Nd7 17.Qxc7 Rxc7 18.Ng5 cxd4 19.exd4 Nb6 20.Re1 e6 21.Bc5 Na4 22.Bb4 Rdc8
23.Bf3 b6 24.d5 a5 25.dxe6 axb4 26.exf7+ Kf8 27.Nh7+ Kxf7 28.Bd5+ Be6 29.Bxe6+ Ke7
30.Bxc8+ Kd8 31.Be6 bxc3 32.Rd3+  1-0

[Event "Latin Cup Final"]
[Site "Bogota"]
[Date "1991.??.??"]
[Round "1"]
[White "Sunye Neto, Jaime"]
[Black "Milos, Gilberto"]
[Result "0-1"]
[WhiteElo "2475"]
[BlackElo "2530"]

1.c4 Nf6 2.Nc3 c5 3.Nf3 d5 4.cxd5 Nxd5 5.e4 Nb4 6.Bb5+ N8c6 7.a3 Nd3+ 8.Ke2 Nf4+
9.Kf1 Ne6 10.d3 g6 11.Be3 Bg7 12.Na4 Qa5 13.Bc4 Ncd4 14.Nxd4 Bxd4 15.b4 Qd8
16.Nxc5 Nxc5 17.bxc5 O-O 18.Rc1 Bxe3 19.fxe3 Qa5 20.Qe1 Qxc5 21.a4 Bd7 22.a5 Rac8
23.h3 b5 24.axb6 axb6 25.Kf2 Qd6 26.Qe2 b5 27.Ba2 Ra8 28.Rc2 b4 29.Bc4 Ra3
30.Rb1 Be6 31.d4 Rfa8 32.e5 Qb6 33.Bxe6 fxe6  0-1

[Event "BRA-ch m"]
[Site "?"]
[Date "1991.??.??"]
[Round "4"]
[White "Resende, Antonio Carlos"]
[Black "Watanabe, Roberto"]
[Result "1/2-1/2"]
[WhiteElo "2330"]
[BlackElo "2325"]

1.Nf3 Nf6 2.c4 c5 3.Nc3 g6 4.g3 Bg7 5.Bg2 O-O 6.d4 d6 7.O-O Nc6 8.d5 Na5
9.Nd2 a6 10.Qc2 Rb8 11.b3 b5 12.Rb1 e6 13.Bb2 b4 14.Nd1 exd5 15.cxd5 Bd7
16.e4 Bb5 17.Re1 Nd7 18.Bxg7 Kxg7 19.Ne3 Qf6  1/2-1/2

[Event "CSR-ch"]
[Site "Bratislava"]
[Date "1991.??.??"]
[Round "5"]
[White "Banas, Jan"]
[Black "Demeter, Peter"]
[Result "1/2-1/2"]
[WhiteElo "2370"]
[BlackElo "2345"]

1.c4 c5 2.Nf3 Nf6 3.Nc3 g6 4.d4 cxd4 5.Nxd4 Bg7 6.e4 d6 7.Be2 O-O 8.Be3 Nc6
9.O-O Nxd4 10.Bxd4 Be6 11.Rc1 Qa5 12.b3 Rfc8 13.f4 Qd8 14.Bf3 Ne8 15.f5 Bxd4+
16.Qxd4 Bd7 17.fxg6 hxg6 18.e5 dxe5 19.Qxe5 Bc6 20.Rce1 e6 21.Kh1 Qd6 22.Qg5 Bxf3
23.Rxf3 Rc5 24.Qe3 Rh5 25.h3 Qc5 26.Qd3 Rf5 27.Rxf5 Qxf5 28.Qxf5 gxf5 29.Rd1 Nf6
30.Kg1 Kf8 31.Kf2 Ke7 32.Kf3 Rg8 33.Rd2 a5 34.Ne2 Ne4 35.Rd1 Nc5 36.Nc3 Rh8
37.Rd2 Rc8 38.Rd4 Rh8 39.Rd2 Rc8 40.Rd4 Rg8 41.Rd1 Rh8 42.Kf2 Rc8 43.Rd4  1/2-1/2

[Event "Brno Morava-B"]
[Site "Brno"]
[Date "1991.??.??"]
[Round "2"]
[White "Bagirov, Vladimir"]
[Black "Stangl, Markus"]
[Result "1/2-1/2"]
[WhiteElo "2485"]
[BlackElo "2490"]

1.Nf3 c5 2.c4 Nf6 3.Nc3 e6 4.g3 b6 5.Bg2 Bb7 6.O-O Nc6 7.b3 Be7 8.Bb2 O-O
9.d4 Nxd4 10.Nxd4 Bxg2 11.Kxg2 cxd4 12.Qxd4 Qc7 13.e4 d6 14.Rad1 Rfd8 15.f3 a6
16.Rd2 Bf8 17.Rfd1 Be7 18.a4 h6 19.h4 Qc5 20.Ne2 Rab8 21.Nc1 Qxd4 22.Bxd4 Nd7
23.Be3 g5 24.hxg5 hxg5 25.g4 Rdc8 26.Bd4 f6 27.Bf2 Ne5 28.Nd3 Nc6 29.Ra2 Rb7
30.Be3  1/2-1/2

[Event "Escom IM-B"]
[Site "Budapest"]
[Date "1991.??.??"]
[Round "2"]
[White "Bordas, Gyula"]
[Black "Schneider, Attila"]
[Result "0-1"]
[WhiteElo "2310"]
[BlackElo "2385"]

1.c4 Nf6 2.Nc3 c5 3.Nf3 e6 4.g3 b6 5.Bg2 Bb7 6.O-O a6 7.d4 cxd4 8.Qxd4 d6
9.Rd1 Nbd7 10.b3 Be7 11.e4 Qc8 12.Ba3 Nc5 13.Rac1 O-O 14.Na4 Qc6 15.e5 dxe5
16.Qxe5 Nfd7 17.Qe3 Rfd8 18.Ne1 Qc7 19.Bxb7 Qxb7 20.Nd3 Nxd3 21.Bxe7 N7e5
22.Bxd8 Nf3+ 23.Kf1 Nxh2+ 24.Kg1 Nf3+ 25.Kf1 Nxc1 26.Qxc1 Nd4  0-1

[Event "Spring op"]
[Site "Budapest"]
[Date "1991.??.??"]
[Round "3"]
[White "Stajcic, Nikola"]
[Black "Mandl, Robert"]
[Result "1/2-1/2"]
[WhiteElo "2345"]
[BlackElo "2350"]

1.c4 c5 2.Nf3 Nf6 3.Nc3 g6 4.d4 cxd4 5.Nxd4 Nc6 6.e4 Nxd4 7.Qxd4 d6 8.Bg5 Bg7
9.Be2 O-O 10.Qd2 Be6 11.Rc1 Qa5 12.f3 Rfc8 13.Nd5 Qxd2+ 14.Kxd2 Bxd5 15.cxd5 Kf8
16.Be3 a6 17.g3 Nd7 18.Rxc8+ Rxc8 19.Rc1 Rxc1 20.Kxc1 Ke8 21.Kc2 Kd8 22.b4 Kc7
23.a4 Bf6 24.a5 h5 25.f4 Ba1 26.Bc4 Kc8 27.Kd3 Kc7 28.Bf2 Bb2 29.Kc2 Ba1
30.Bf1 Bg7 31.h3 Bf6 32.Be2 Kd8 33.Be3 Kc7 34.Bf2 Kd8 35.Kd3 Kc7 36.h4 Bb2
37.Kc2 Bf6 38.g4 hxg4 39.Bxg4 Kd8 40.Kd3 Bb2 41.Bf3 Bc1 42.Be3 Bb2 43.h5 gxh5
44.Bxh5 Ke8 45.Bg4 Bg7 46.Bf5 Kd8 47.Bd4 Bxd4 48.Kxd4 Nf6 49.e5 Ne8 50.Bg4 f6
51.e6 Nc7 52.Be2 Ke8 53.Ke4 Kf8 54.Bc4 Kg7 55.Kf5 Kh6 56.Kg4 Kg6 57.f5+ Kh6
58.Kh4 Nb5 59.Bxb5 axb5  1/2-1/2

[Event "Escom IM-A"]
[Site "Budapest"]
[Date "1991.??.??"]
[Round "4"]
[White "Sokolovs, Andrei"]
[Black "Hoffmann, Michael"]
[Result "1/2-1/2"]
[WhiteElo "2360"]
[BlackElo "2370"]

1.c4 Nf6 2.Nc3 c5 3.Nf3 b6 4.e4 d6 5.d4 cxd4 6.Nxd4 Bb7 7.f3 e6 8.Be2 Be7
9.O-O O-O 10.Be3 Nbd7 11.Qd2 a6 12.Rfd1 Rc8 13.Rac1 Qc7 14.Bf1 Qb8 15.b3 Rfe8
16.Kh1 Bd8 17.Bg1 Bc7 18.Nc2 Kh8 19.Re1 Qa8 20.Nb4 Rg8 21.Be3 h6 22.Bf4 Rcd8
23.Rcd1 Ne5 24.Nd3 Qb8 25.Qf2 Ng6 26.Be3 d5 27.Bxb6 Bxh2 28.Ba7 Qc7 29.Bb6 Qb8
30.Ba7 Qc7  1/2-1/2

[Event "Zeus (Women)"]
[Site "Budapest"]
[Date "1991.??.??"]
[Round "5"]
[White "Muresan, Margareta"]
[Black "Gocheva, Rumiana B"]
[Result "1/2-1/2"]
[WhiteElo "2200"]
[BlackElo "2220"]

1.Nf3 Nf6 2.c4 c5 3.Nc3 e6 4.g3 b6 5.Bg2 Bb7 6.O-O d6 7.b3 a6 8.d4 cxd4 9.Qxd4 Nbd7
10.Rd1 Be7 11.Bb2 O-O 12.Ng5 Bxg2 13.Kxg2 Qc7 14.Nge4 Rfd8 15.f3 Nc5 16.Nxf6+ Bxf6
17.Qg4 Qe7 18.Rd2  1/2-1/2

[Event "Schneider mem op"]
[Site "Budapest"]
[Date "1991.??.??"]
[Round "7"]
[White "Vakhidov, Tahir"]
[Black "Shalnev, Nicolai"]
[Result "1-0"]
[WhiteElo "2400"]
[BlackElo "2335"]

1.c4 Nf6 2.Nc3 c5 3.Nf3 d5 4.cxd5 Nxd5 5.e4 Nb4 6.Bb5+ N8c6 7.d4 cxd4 8.a3 dxc3
9.Qxd8+ Kxd8 10.axb4 c2 11.Bxc6 bxc6 12.Nd4 c5 13.bxc5 e5 14.Nxc2 Bxc5 15.Be3 Bxe3
16.Nxe3 Bb7 17.f3 Ke7 18.Nf5+ Kf6 19.Nd6 Rhb8 20.O-O Bc8 21.Ne8+ Ke7 22.Nc7 a6
23.Nxa8 Rxa8 24.Ra5 f6 25.Rc1 Bd7 26.Rc7 Kd6 27.Rb7 Kc6 28.Rb4 Be6 29.Kf2 Ra7
30.Ke3 Bd7 31.g3 Kc7 32.f4 exf4+ 33.gxf4 Ra8 34.Rc5+ Kd6 35.Rd5+ Ke6 36.Rb7  1-0

[Event "Spring op"]
[Site "Budapest"]
[Date "1991.??.??"]
[Round "9"]
[White "Volodin, Viktor"]
[Black "Madl, Ildiko"]
[Result "1/2-1/2"]
[WhiteElo "2225"]
[BlackElo "2380"]

1.Nf3 Nf6 2.c4 c5 3.Nc3 g6 4.d4 Bg7 5.e4 O-O 6.Be2 d6 7.O-O Nc6 8.d5 Na5
9.Bf4 Nh5 10.Be3 e5 11.Nd2 Nf4 12.Bg4 Bxg4 13.Qxg4 f5 14.Qd1 Nd3 15.Qb1 Nxb2
16.Qxb2 f4 17.Bxc5 dxc5 18.f3 b6 19.Nd1 h5 20.Nf2 Bf6 21.Qc3 Qd7 22.Nb3 Nb7
23.a4 Rac8 24.Nc1 Nd6 25.Ncd3 Kh7 26.Rfc1 g5 27.h3 Rg8 28.Qe1 Rg7 29.Qe2 Qe7
30.a5 b5 31.cxb5 Nxb5 32.Rc4 Nd4 33.Qd1 Qd6 34.Rac1 Rgc7 35.Nb2 Qa6 36.Na4 Be7
37.Nd3 Bd6 38.Naxc5 Qb5 39.Rb4 Ne2+ 40.Kh1 Qxb4 41.Nxb4 Nxc1 42.Nc6 Bxc5
43.Qxc1  1/2-1/2

[Event "Schneider mem op"]
[Site "Budapest"]
[Date "1991.??.??"]
[Round "10"]
[White "Pogorelov, Ruslan"]
[Black "Kuporosov, Viktor"]
[Result "1/2-1/2"]
[WhiteElo "2375"]
[BlackElo "2485"]

1.c4 Nf6 2.Nc3 c5 3.Nf3 b6 4.d4 cxd4 5.Nxd4 Bb7 6.f3 d6 7.e4 e6 8.Be3 Be7
9.Be2 O-O 10.O-O Nbd7 11.Qd2 a6 12.Rfd1 Qc7 13.Bf1 Rac8 14.Rac1 Qb8 15.Qf2 Bd8  1/2-1/2

[Event "Zeus (Women)"]
[Site "Budapest"]
[Date "1991.??.??"]
[Round "11"]
[White "Muresan, Margareta"]
[Black "Csoke, Adrienn"]
[Result "1-0"]
[WhiteElo "2200"]
[BlackElo "2170"]

1.c4 c5 2.Nf3 Nf6 3.Nc3 e6 4.e3 Nc6 5.a3 b6 6.d4 d6 7.d5 Ne7 8.e4 e5 9.h3 h6
10.Be3 Nh7 11.Bd3 Bd7 12.Bc2 a6 13.Ba4 b5 14.cxb5 axb5 15.Bxb5 Bxb5 16.Nxb5 Qa5+
17.Nc3 g6 18.O-O Rb8 19.Nd2 Bg7 20.Nc4 Qa6 21.Qa4+ Qxa4 22.Nxa4 Nc8 23.Rab1 f5
24.f3 Nf6 25.Nc3 Kd7 26.b4 cxb4 27.axb4 Ne8 28.b5 fxe4 29.fxe4 Rf8 30.Rxf8 Bxf8
31.b6  1-0

[Event "Cansys IM-A"]
[Site "Budapest"]
[Date "1991.??.??"]
[Round "12"]
[White "Pieper Emden, Carsten"]
[Black "Arsovic, Goran"]
[Result "1/2-1/2"]
[WhiteElo "2405"]
[BlackElo "2340"]

1.c4 Nf6 2.Nc3 c5 3.Nf3 e6 4.d4 cxd4 5.Nxd4 a6 6.e4 Qc7 7.Be3 b6 8.Rc1 Bb7
9.Bd3 d6 10.O-O Nbd7 11.f3 Rc8 12.b3 g6 13.Qd2 Bg7 14.Bb1 O-O 15.Rfd1 Rfd8
16.Qf2 Qb8  1/2-1/2

[Event "Buenos Aires Najdorf"]
[Site "Buenos Aires"]
[Date "1991.??.??"]
[Round "4"]
[White "Cifuentes Parada, Roberto"]
[Black "Panno, Oscar"]
[Result "0-1"]
[WhiteElo "2510"]
[BlackElo "2440"]

1.Nf3 Nf6 2.c4 c5 3.Nc3 g6 4.d4 Bg7 5.e4 O-O 6.Be2 d6 7.O-O Nc6 8.d5 Na5
9.Bd2 b6 10.h3 e5 11.dxe6 fxe6 12.Bg5 Ba6 13.e5 dxe5 14.Qxd8 Rfxd8 15.Nxe5 h6
16.Bf4 g5 17.Bh2 Nd7 18.Nxd7 Rxd7 19.Nb5 Bxb2 20.Rab1 Bxb5 21.cxb5 Rd2 22.Bf3 Re8
23.Bh5 Re7 24.f4 Bd4+ 25.Kh1 Nc4 26.fxg5 hxg5 27.Rf3 Kg7 28.h4 gxh4 29.Rf4 Ne3
30.Rxh4 e5 31.Bf3 c4 32.Bg1 Nf5 33.Rg4+ Kf6 34.Rf1 Rh7+ 35.Bh2 Ne3 36.Be4+ Nxf1
37.Bxh7 Rd1 38.Rg6+ Kf7 39.Bg1 Nd2  0-1

[Event "Burgas"]
[Site "Burgas"]
[Date "1991.??.??"]
[Round "1"]
[White "Nikov, Nikolai"]
[Black "Raicevic, Ivica"]
[Result "0-1"]
[WhiteElo "2320"]
[BlackElo "2290"]

1.c4 e6 2.Nc3 c5 3.Nf3 Nf6 4.g3 b6 5.Bg2 Bb7 6.O-O Be7 7.b3 a6 8.Bb2 O-O
9.e3 d6 10.d4 cxd4 11.exd4 Nbd7 12.Qe2 Re8 13.Rfd1 Bf8 14.Rac1 Rc8 15.Ne1 Bxg2
16.Nxg2 Rc7 17.Qf3 Qb8 18.a4 Rec8 19.Ne3 Qb7 20.Qxb7 Rxb7 21.f4 g6 22.Kg2 Ne8
23.Ba3 Rbc7 24.Bb2 Ndf6 25.Kf3 Bg7 26.Ke2 Rb7 27.Kd3 Nc7 28.Ba3 Rd8 29.Bb4 b5
30.axb5 axb5 31.Ba5 bxc4+ 32.bxc4 Ra8 33.Bxc7 Rxc7 34.Ra1 Rd8 35.Ra6 Bf8
36.Rda1 d5 37.c5 Rcc8 38.R1a4 Nd7 39.Ne2 Bxc5 40.dxc5 Nxc5+ 41.Kd4 Nxa4 42.Rxa4 Ra8
43.Rxa8 Rxa8 44.g4 Ra4+ 45.Kd3 h6 46.h4 Kg7 47.Nd4 Ra1 48.Ke2 Ra2+ 49.Kf3 Ra4
50.Nec2 Rc4 51.Ke2 g5 52.hxg5 hxg5 53.fxg5 Kg6 54.Kd3 Kxg5 55.Ne3 Ra4 56.Nc4  0-1

[Event "JUG-chT Cetinje"]
[Site "Cetinje"]
[Date "1991.??.??"]
[Round "1"]
[White "Pajkovic, Vladimir"]
[Black "Govedarica, Radovan"]
[Result "1/2-1/2"]
[WhiteElo "2415"]
[BlackElo "2445"]

1.Nf3 c5 2.c4 Nf6 3.Nc3 g6 4.d4 cxd4 5.Nxd4 Nc6 6.e4 d6 7.Be2 Nxd4 8.Qxd4 Bg7
9.Bg5 O-O 10.Qe3 Be6 11.O-O Qa5 12.Rac1 Rfc8 13.b3 a6 14.f4 Qc5 15.Qxc5 Rxc5
16.Bf3 Kf8 17.Rfd1 Rb8 18.e5 dxe5 19.fxe5 Nd7 20.Bd5 Bg4 21.Rd2 Nxe5 22.Be3 Rc7
23.h3 Bf5 24.g4 Bc8 25.Bb6 Rd7 26.Rf2 Kg8 27.Rcc2 e6 28.Bg2 Nd3 29.Rf1 Nb4
30.Rcc1 Nc6 31.Ne4 Bd4+ 32.Bxd4 Rxd4 33.g5 Kg7 34.Nf6 h6 35.h4 Rxh4 36.Ne8+ Kf8
37.Nd6 Nd8 38.gxh6 Ke7 39.Rcd1 Rxh6 40.c5 Bd7 41.Nxf7 Nxf7 42.Rxf7+ Kxf7
43.Rxd7+ Kf6 44.Bxb7 Rh5 45.b4 Ke5 46.c6 Rg5+ 47.Kf2 Rf8+ 48.Ke2 Rg2+ 49.Ke3 Rg3+
50.Ke2 Rg2+ 51.Ke3 Rh8 52.Kf3 Rc2 53.c7 Rh3+ 54.Kg4 Rhc3 55.c8=Q Rxc8 56.Bxc8 Rxc8
57.Ra7 Kf6 58.Rxa6 Rc4+ 59.Kf3 Rxb4 60.Ra8 Kf5 61.Rf8+ Kg5 62.Re8 Kf6 63.Rf8+ Ke5
64.Rg8 Rf4+ 65.Ke3 Rf6 66.a4 Kf5 67.a5 e5 68.Ra8 g5 69.a6 g4 70.a7 Rf7 71.Kf2 Kf4
72.Kg2 g3 73.Rg8 Rxa7 74.Rxg3 Ra2+ 75.Kh3 e4 76.Rg4+ Ke3 77.Rg3+ Kd4 78.Rb3 e3
79.Kg3 Ke4 80.Rb8 Kd3 81.Kf4 Rf2+ 82.Kg3 Rf1 83.Rb3+ Ke4 84.Rb4+ Kd5 85.Rb2 Kc4
86.Ra2 Rf5 87.Ra4+ Kc3 88.Ra3+ Kd2 89.Ra2+ Kd1 90.Ra1+ Kc2 91.Ra2+ Kc3 92.Ra3+ Kd2
93.Ra2+  1/2-1/2

[Event "JUG-chT Cetinje"]
[Site "Cetinje"]
[Date "1991.??.??"]
[Round "1"]
[White "Ivkov, Borislav"]
[Black "Kelecevic, Nedeljko"]
[Result "1/2-1/2"]
[WhiteElo "2485"]
[BlackElo "2430"]

1.Nf3 c5 2.c4 Nf6 3.Nc3 e6 4.e3 d6 5.Be2 Nbd7 6.O-O a6 7.d4 Be7 8.b3 b6 9.d5 exd5
10.Nxd5 Nxd5 11.Qxd5 Rb8 12.Bb2 Bf6 13.Qd2 Bxb2 14.Qxb2 Nf6 15.Rfd1 Qe7 16.e4 Bb7
17.e5 dxe5 18.Qxe5 Qxe5 19.Nxe5 Ke7 20.Bf3 Bxf3 21.Nxf3 Rhd8 22.Ne5 Rxd1+
23.Rxd1 Rc8 24.f3 Rc7 25.Kf2 Nd7  1/2-1/2

[Event "Cheliabinsk-B"]
[Site "Cheliabinsk"]
[Date "1991.??.??"]
[Round "?"]
[White "Panchenko, Alexander N"]
[Black "Tomorhuyag, Nyamaa"]
[Result "1-0"]
[WhiteElo "2445"]
[BlackElo "2365"]

1.c4 c5 2.Nf3 Nf6 3.Nc3 g6 4.d4 cxd4 5.Nxd4 Nc6 6.e4 Bg7 7.Be3 O-O 8.Be2 b6
9.O-O Bb7 10.Rc1 Rc8 11.b3 Re8 12.f3 Qc7 13.Qd2 Qb8 14.Rfd1 Ba8 15.Bf1 Rcd8
16.Qf2 d6 17.Kh1 h6 18.Nd5 Kh7 19.Nb5 Rc8 20.Bd3 Ng8 21.Bb1 Red8 22.h4 e6
23.Nf4 a6 24.Nc3 e5 25.Nfd5 Nd4 26.Bxd4 exd4 27.Ne2 h5 28.Nxd4 b5 29.Bd3 Qa7
30.Bf1 Nf6 31.Qd2 bxc4 32.Bxc4 Nxd5 33.exd5 Re8 34.Nc2 Bb7 35.Re1 Bh6 36.f4 Rcd8
37.g3 Bc8 38.Nd4 Rxe1+ 39.Rxe1 Rf8 40.Qd3 Bg7 41.Nf3 Bf5 42.Qe3 Qb7 43.Nd4 Bg4
44.Nc6 Bd7 45.Qf3 Qc8 46.Kh2 Re8 47.Rxe8 Qxe8 48.Bxa6 Bg4 49.Qf2 Qe4 50.Bc4 Bc3
51.Bf1 Qxd5 52.Bg2 Qe6 53.Nd4 Qf6 54.Nb5 Ba1 55.Qd2 Bd7 56.Nxd6 Bd4 57.Nxf7 Qb6
58.Ng5+  1-0

[Event "Cheliabinsk-A"]
[Site "Cheliabinsk"]
[Date "1991.??.??"]
[Round "?"]
[White "Sherbakov, Ruslan"]
[Black "Kantorik, Marian"]
[Result "1-0"]
[WhiteElo "2525"]
[BlackElo "2375"]

1.c4 Nf6 2.Nc3 c5 3.Nf3 d5 4.cxd5 Nxd5 5.g3 Nc7 6.Bg2 Nc6 7.Qa4 Qd7 8.O-O e5
9.d3 f6 10.Nd2 Nd4 11.Qxd7+ Kxd7 12.a3 Rb8 13.e3 Nc6 14.Rd1 Ke7 15.Nb3 Kf7
16.d4 c4 17.Nd2 Bg4 18.Nf3 Rd8 19.dxe5 Rxd1+ 20.Nxd1 fxe5 21.Bd2 Be7 22.Nc3 Rd8
23.Be1 Na6 24.Nd2 Be6 25.Nce4 Bd5 26.Bf1 Na5 27.Nc3 Be6 28.Nf3 Nb3 29.Rd1 Rxd1
30.Nxd1 Bf6 31.Bc3 e4 32.Nd4 Nxd4 33.Bxd4 Nc7 34.Nc3 Bxd4 35.exd4 b5 36.Nxe4 Ke7
37.f3 a5 38.Kf2 b4 39.axb4 axb4 40.Ke3 Nd5+ 41.Kd2 Nb6 42.Nc5 Bc8 43.f4 Kd6
44.Bg2 h6 45.Be4 Ke7 46.Kc2 Kf6 47.b3 Bf5 48.Bxf5 Kxf5 49.bxc4 Nxc4 50.Kb3 Nd6
51.Kxb4 Kg4 52.Ne6 Ne8 53.d5 Kh3 54.f5 Kxh2 55.Nxg7 Nf6 56.d6 Nd7 57.Kb5 Kxg3
58.Kc6 Ne5+ 59.Kc7  1-0

[Event "Cheliabinsk-B"]
[Site "Cheliabinsk"]
[Date "1991.??.??"]
[Round "?"]
[White "Panchenko, Alexander N"]
[Black "Pisulinski, Jan"]
[Result "1-0"]
[WhiteElo "2445"]
[BlackElo "2345"]

1.Nf3 c5 2.c4 Nf6 3.Nc3 b6 4.g3 Bb7 5.Bg2 e6 6.O-O d6 7.Re1 Be7 8.e4 a6 9.d4 cxd4
10.Nxd4 Qc7 11.Be3 O-O 12.Rc1 Nbd7 13.f4 Rfe8 14.g4 Nc5 15.Bf2 g6 16.b4 e5
17.bxc5 exd4 18.cxb6 Qd7 19.Bxd4 Nxg4 20.Nd5 Bh4 21.Re2 Rac8 22.Rec2 f5 23.h3 Nh6
24.Bf6  1-0

[Event "Cheliabinsk-B"]
[Site "Cheliabinsk"]
[Date "1991.??.??"]
[Round "?"]
[White "Czerwonski, Aleksander"]
[Black "Poluljahov, Aleksandr"]
[Result "1-0"]
[WhiteElo "2350"]
[BlackElo "2380"]

1.Nf3 Nf6 2.c4 c5 3.Nc3 e6 4.g3 b6 5.Bg2 Bb7 6.d4 cxd4 7.Qxd4 d6 8.O-O a6
9.b3 Nbd7 10.e4 Be7 11.Ba3 Qb8 12.Rfd1 Nc5 13.e5 dxe5 14.Qxe5 Qa7 15.Na4 Bc6
16.Nxc5 bxc5 17.Qe3 Qb7 18.Ne1 Bxg2 19.Nxg2 Qc7 20.Rd2 O-O 21.Rad1 a5 22.Bb2 a4
23.Nf4 Qb6 24.Bxf6 Bxf6 25.Nh5 axb3 26.Nxf6+ gxf6 27.axb3 Rab8 28.Rd3 Kg7
29.Qf4 Rfd8 30.Qg4+ Kf8 31.Qh5 Rxd3 32.Rxd3 Ra8 33.Rf3 f5 34.Qh6+ Kg8 35.Rxf5 Ra1+
36.Kg2 Qb7+ 37.Rf3 Qe7 38.Rf4 f5 39.g4 fxg4 40.Rxg4+ Kh8 41.Qf4 e5 42.Qf3 Ra6
43.Qd5 Rg6 44.Rg3 e4 45.Kf1 Kg7 46.Ke2 Kh6 47.Rh3+ Kg7 48.Qh5 h6 49.Rg3 Rg5
50.Qh4 Qe5 51.Kf1 Qa1+ 52.Kg2 Qe5 53.Rxg5+ hxg5 54.Qg3 Qf5 55.Kf1 Kg6 56.h3 Qf4
57.Qe3 Qe5 58.Qd2 Qa1+ 59.Kg2 Qf6 60.Qd5 Qf3+ 61.Kg1 Qxh3 62.Qxe4+ Qf5 63.Qe8+ Kg7
64.Qe7+ Kg6 65.Qd6+ Kh5 66.Kf1 Kg4 67.Qg3+ Kh5 68.Qe3 Kg6 69.Ke2 Qc2+ 70.Kf3 Qf5+
71.Kg3 Kf7 72.Qf3 Kf6 73.Qxf5+ Kxf5 74.Kf3 g4+ 75.Ke3 Ke5 76.Kd3 Kf5 77.b4 cxb4
78.c5 b3 79.Kc3  1-0

[Event "Clichy op"]
[Site "Clichy"]
[Date "1991.??.??"]
[Round "9"]
[White "Bouaziz, Slim"]
[Black "Spacek, Petr"]
[Result "1/2-1/2"]
[WhiteElo "2380"]
[BlackElo "2390"]

1.Nf3 Nf6 2.c4 c5 3.Nc3 g6 4.d4 cxd4 5.Nxd4 Nc6 6.g3 Bg7 7.Bg2 O-O 8.Nc2 d6
9.O-O Be6 10.b3 Qd7 11.Rb1 Bh3 12.Bb2 Bxg2 13.Kxg2 Rfc8 14.f3 Rab8 15.e4 a6
16.Qe2 b6 17.Rfc1 Qb7 18.Nd5 Ne8 19.Nce3 Bxb2 20.Qxb2 Ne5 21.Qd4 e6 22.Nc3 b5
23.cxb5 axb5 24.Ncd1 Ra8 25.Rxc8 Rxc8 26.Nf2 h5 27.h3 Qc6 28.Rd1 Qc3  1/2-1/2